000 00299nam a2200121Ia 4500
008 241002s9999 xx 000 0 und d
082 _a341.2422 FER
100 _aFerris, Paul
245 0 _aMan and money Financial to Humanism
260 _aLondon:
_c1970
600 _aSocial Sciences
942 _cUC
999 _c18733
_d18733